Statistics for 拼音Y开头的中国县级行政区County-Level Regions Starts with Pinyin Y in China

Click here to take the quiz!

General Stats

  • This quiz has been taken 15 times
    (11 since last reset)
  • The average score is 130 of 250

Answer Stats

答案% Correct
崖州区
100%
永定区(张家界市)
90%
永定区(龙岩市)
90%
叶县
90%
玉山县
90%
云安区
90%
应城市
80%
伊宁市
80%
尤溪县
80%
易县
80%
阳东区
80%
乐清市
80%
义县
80%
渝北区
80%
永宁县
80%
阳西县
80%
渝中区
80%
沅江市
80%
宜城市
80%
禹州市
80%
永平县
80%
黟县
80%
叶城县
80%
伊宁县
80%
英山县
80%
攸县
80%
郁南县
80%
延长县
80%
云县
80%
延吉市
80%
永德县
80%
永昌县
80%
永安市
80%
盐湖区
80%
邕宁区
80%
郧西县
80%
郧阳区
80%
颍上县
80%
永康市
80%
云阳县
80%
永济市
70%
宜都市
70%
伊州区
70%
永吉县
70%
雨花区
70%
永福县
70%
永年区
70%
永兴县
70%
榆中县
70%
榆树市
70%
永泰县
70%
宜阳县
70%
盂县
70%
永寿县
70%
于都县
70%
酉阳土家族苗族自治县
70%
银州区
70%
鄞州区
70%
颍州区
70%
英德市
70%
营山县
70%
宜兴市
70%
玉门市
70%
盐山县
70%
阳春市
70%
原州区
70%
盐都区
70%
杨陵区
70%
阳谷县
70%
元阳县
70%
云城区
70%
月湖区
70%
越秀区
70%
沿河土家族自治县
70%
越西县
70%
阳城县
70%
延川县
70%
亚东县
70%
雅江县
70%
阳山县
70%
应县
60%
越城区
60%
雁峰区
60%
迎江区
60%
永顺县
60%
盐亭县
60%
颍东区
60%
玉州区
60%
颍泉区
60%
盐田区
60%
岳阳县
60%
盐池县
60%
云梦县
60%
永川区
60%
炎陵县
60%
云溪区
60%
永仁县
60%
云岩区
60%
永丰县
60%
永和县
60%
铅山县
60%
永嘉县
60%
印江土家族苗族自治县
60%
银海区
60%
岳西县
60%
远安县
60%
玉田县
60%
玉树市
60%
裕华区
60%
姚安县
60%
元谋县
60%
禹城市
60%
雨花台区
60%
漾濞彝族自治县
60%
雨湖区
60%
虞城县
60%
沅陵县
60%
原阳县
60%
原平市
60%
余姚市
60%
义乌市
60%
岳麓区
60%
游仙区
60%
岳池县
60%
郓城县
60%
义马市
60%
云龙区
50%
玉屏侗族自治县
50%
余庆县
50%
云龙县
50%
永清县
50%
裕安区
50%
蔚县
50%
云州区
50%
裕民县
50%
雨城区
50%
右江区
50%
埇桥区
50%
渝水区
50%
余江区
50%
永新县
50%
余杭区
50%
永城市
50%
永靖县
50%
阎良区
50%
耀州区
50%
永登县
50%
瑶海区
50%
尧都区
50%
阳朔县
50%
沂水县
50%
扬中市
50%
雁山区
50%
宜州区
50%
雁江区
50%
砚山县
50%
兖州区
50%
叶集区
50%
盐源县
50%
焉耆回族自治县
50%
盈江县
50%
延平区
50%
殷都区
50%
岳阳楼区
40%
雨山区
40%
袁州区
40%
宜川县
40%
沂源县
40%
沂南县
40%
玉环市
40%
延津县
40%
阳明区
40%
玉龙纳西族自治县
40%
杨浦区
40%
永春县
40%
运河区
40%
源城区
40%
宜君县
40%
驿城区
40%
郾城区
40%
榆次区
40%
云和县
40%
岳塘区
40%
云霄县
40%
鱼台县
40%
伊川县
40%
盐边县
40%
印台区
40%
延庆区
40%
峄城区
40%
于洪区
40%
弋江区
40%
弋阳县
40%
阳新县
30%
偃师区
30%
阳原县
30%
垣曲县
30%
雁塔区
30%
云冈区
30%
牙克石市
30%
荥经县
30%
永善县
30%
伊通满族自治县
30%
右玉县
30%
玉泉区
30%
宜黄县
30%
余干县
30%
义安区
30%
彝良县
30%
友谊县
30%
迎泽区
30%
仪征市
30%
翼城县
30%
宜良县
20%
岳普湖县
20%
盐津县
20%
宜秀区
20%
榆阳区
20%
于田县
20%
阳高县
20%
宜丰县
20%
沿滩区
20%
永修县
20%
禹会区
20%
阳信县
20%
鄢陵县
20%
依兰县
20%
永胜县
20%
元宝区
20%
伊吾县
20%
易门县
20%
延寿县
10%
英吉沙县
10%
鹰手营子矿区
10%
友好区
10%
依安县
10%
鱼峰区
10%
宜章县
10%
尉犁县
10%
榆社县
10%
阳曲县
10%
源汇区
10%
夷陵区
10%
禹王台区
10%
仪陇县
10%
洋县
10%
元宝山区
10%
伊美区
10%
元氏县
0%
伊金霍洛旗
0%

Score Distribution

Percentile by Number Answered

Percent of People with Each Score

Your Score History

You have not taken this quiz since the last reset